| 000 | 00376nam a2200169Ia 4500 | ||
|---|---|---|---|
| 100 | _aWartikar/P.N/ Wartikar/J.N | ||
| 490 | _v1 | ||
| 942 | _cBK | ||
| 366 | _f10 | ||
| 654 | _amathematics I | ||
| 245 | _aText book of Applied Mathematics I | ||
| 260 |
_bPune vidyarthi griha _aPune _c2006 |
||
| 082 |
_a519/WAR _bWAR |
||
| 300 | _a976 | ||
| 546 | _aENGLISH | ||
| 999 |
_c34579 _d34579 |
||